| 000 | 00650cam a2200229 4500500 | ||
|---|---|---|---|
| 005 | 20260329003446.0 | ||
| 041 | _afre | ||
| 042 | _adc | ||
| 100 | 1 | 0 |
_aLegros, Martin _eauthor |
| 245 | 0 | 0 | _aLa Syrie est-elle la Serbie de 1914 ? |
| 260 | _c2015. | ||
| 500 | _a66 | ||
| 690 | _a3e Guerre mondiale | ||
| 690 | _aChristopher Clark | ||
| 690 | _aConflit | ||
| 690 | _aGuerre | ||
| 690 | _aRussie | ||
| 690 | _aSyrie | ||
| 690 | _aTurquie | ||
| 786 | 0 | _nPhilosophie magazine | 94 | 11 | 2015-11-01 | p. 8-8 | 1951-1787 | |
| 856 | 4 | 1 | _uhttps://shs.cairn.info/magazine-philosophie-magazine-2015-11-page-8?lang=fr&redirect-ssocas=7080 |
| 999 |
_c1824772 _d1824772 |
||